000 00874nam a22002655i 4500
001 10640
003 ES-MaACL
005 20230906145928.0
007 t|
008 950608s1994 sp ||||0| spa j
020 _a84-8048-155-2
040 _aM-BN
_bspa
_cM-BN
080 _a860-23"19"
100 1 _aBuero Vallejo, Antonio,
_d1916-2000
_932421
245 1 4 _aLas trampas del azar /
_cAntonio Buero Vallejo ; [edición de Mariano de Paco].
260 _aMadrid :
_bSociedad General de Autores de España,
_cD.L. 1994.
300 _aLXVII, 74 p :
_bil ;
_c23 cm.
490 1 _aTeatro
500 _aTít. tomado de la cub.
504 _aBibliografía: p. XXXVII-LXIV.
710 2 _aSociedad General de Autores de España.
_96773
830 0 _aTeatro
_9178026
852 _aES-MaACL
_jL-18013
_z. - Dedicatoria autógrafa del autor
999 _c10640
_d10640